[Event "Espalion op 2nd"]
[Site "Espalion"]
[Date "2017.07.18"]
[Round "5"]
[White "Le Borgne, Romain"]
[Black "Marie, Olivier"]
[Result "1/2-1/2"]
[WhiteElo "1853"]
[BlackElo "1572"]
[PlyCount "36"]
[EventDate "2017.07.15"]
[EventType "swiss"]
[EventRounds "9"]
[EventCountry "FRA"]
[SourceTitle "CBM 179 Extra"]
[Source "ChessBase"]
[SourceDate "2017.08.23"]
[SourceVersion "1"]
[SourceVersionDate "2017.08.23"]
[SourceQuality "1"]

1. f4 g6 2. Nf3 d5 3. e3 Na6 4. Nc3 Bg7 5. Be2 Nf6 6. b3 0-0 7. Bb2 c5 8. Na4 b6 9. Ne5 Qe8 10. g4 Nc7 11. g5 Ne4 12. Bg4 f6 13. gxf6 exf6 14. Bxc8 fxe5 15. Bg4 exf4 16. Bf3 Bxb2 17. Nxb2 fxe3 18. d4 Nf2 1/2-1/2

[Event "Plancoet op 12th"]
[Site "Plancoet"]
[Date "2015.07.28"]
[Round "3"]
[White "Le Borgne, Romain"]
[Black "Bedouin, Xavier"]
[Result "0-1"]
[WhiteElo "1742"]
[BlackElo "2337"]
[PlyCount "52"]
[EventDate "2015.07.26"]
[EventType "swiss"]
[EventRounds "9"]
[EventCountry "FRA"]
[SourceTitle "EXT 2016"]
[Source "ChessBase"]
[SourceDate "2015.10.08"]
[SourceVersion "1"]
[SourceVersionDate "2015.10.08"]
[SourceQuality "1"]

1. e4 c5 2. Nf3 g6 3. d4 cxd4 4. Nxd4 Nc6 5. Be3 Nf6 6. Nc3 Bg7 7. Bc4 0-0 8. Bb3 a5 9. a3 Ng4 10. Ne6 Nxe3 11. Nxd8 Nxd1 12. Nxc6 Nxc3 13. Nxe7+ Kh8 14. bxc3 Bxc3+ 15. Ke2 Bxa1 16. Rxa1 d6 17. Nxc8 Raxc8 18. Rd1 b5 19. a4 bxa4 20. Bxa4 Rc4 21. Ra1 Rxe4+ 22. Kf3 Re5 23. c4 Rc8 24. Bb3 d5 25. Rxa5 Rf5+ 26. Kg3 dxc4 0-1